000 00222nam a2200085Ia 4500
008 170523s9999 xx 000 0 und d
100 _aPATTANAYAK- B
245 0 _aRE ENGINEERING ORGANISATIONAL BEHAVIOUR
260 _bWHEELER PUBLICATION
260 _c2000
999 _c905
_d905